Statistical yearbook on central European countries data 1993-97

Na minha lista:
Detalhes bibliográficos
Formato: Livro
Idioma:inglês
Publicado em: Luxembourg Office for Official Publications of the European Communities 1999
Assuntos:
Tags: Adicionar Tag
Sem tags, seja o primeiro a adicionar uma tag!

MARC

LEADER 00000nam a2200000 4500
001 c123757
005 20221129095734.0
020 |a 92-828-5747-6 
041 0 |a eng 
044 |a LU 
245 1 0 |a Statistical yearbook on central European countries  |b data 1993-97 
264 1 |a Luxembourg  |b Office for Official Publications of the European Communities  |c 1999 
300 |a 169 s. 
610 2 0 |a štatistika 
610 2 0 |a Európa 
610 2 0 |a Európska únia 
610 2 0 |a Európske spoločenstvá 
610 2 0 |a 1993-1997